Normal view MARC view

Entry Personal Name

Number of records used in: 1

001 - CONTROL NUMBER

  • control field: 14790

003 - CONTROL NUMBER IDENTIFIER

  • control field: OSt

005 - DATE AND TIME OF LATEST TRANSACTION

  • control field: 20191223143541.0

008 - FIXED-LENGTH DATA ELEMENTS

  • fixed length control field: 191223|| aca||aabn | a|a d

040 ## - CATALOGING SOURCE

  • Original cataloging agency: OSt
  • Transcribing agency: OSt

100 ## - HEADING--PERSONAL NAME

  • Personal name: Robichau, Robbie

670 ## - SOURCE DATA FOUND

  • Source citation: Work cat.: (OSt): Fernandez, Kandyce 14788, Fostering civic health: An analysis of the generative and mediating activities of community-based organizations

Powered by Koha